000 00420nam a2200181Ia 4500
001 1497
005 20260306143733.0
008 260306t2006||||xx |||||||||||||| ||spa||
041 _aESP
082 _a150.287
_bM26
100 _aMartínez Arias, María Rosario
_eAUT
245 0 _aPsicometría
260 _c2006
300 _a488 páginas :
_c24 cm.
650 _aGEN
654 _aCPS
942 _cLIB
_dJUS
_fJUS
_2ddc
_n
999 _c1497
_d1497